000
00204nam a22000857a 4500
008
170616b xxu||||| |||| 00| 0 eng d
100
_9
3468
_a
Singh. P
245
_a
New Delhi
260
_a
New Delhi
_b
N. B. T
_c
1995
999
_c
6842
_d
6842